Normal view
MARC view
- عمران ، محمد السيد
Entry Personal Name
001 - CONTROL NUMBER
- control field: 16793
003 - CONTROL NUMBER IDENTIFIER
- control field: JO-AjAnu
005 - DATE AND TIME OF LATEST TRANSACTION
- control field: 20230606072958.0
008 - FIXED-LENGTH DATA ELEMENTS
- fixed length control field: 230606|| aca||aabn | a|a d
040 ## - CATALOGING SOURCE
- Original cataloging agency: JO-AjAnu
- Transcribing agency: JO-AjAnu
100 ## - HEADING--PERSONAL NAME
- Personal name: عمران ، محمد السيد
670 ## - SOURCE DATA FOUND
- Source citation: Work cat.: (JO-AjAnu)8624: عمران ، محمد السيد , author, حماية المستهلك إثناء تكوين العقد " دراسة مقارنة " مع دراسة تحليلية وتطبيقية للنصوص الخاصة بحماية المستهلك